Windows 95 sneak preview / (Record no. 122990)

MARC details
000 -LEADER
fixed length control field 00667nam a22002297a 4500
005 - DATE AND TIME OF LATEST TRANSACTION
control field 20170124105918.0
010 ## - LIBRARY OF CONGRESS CONTROL NUMBER
LC control number A-821997
020 ## - INTERNATIONAL STANDARD BOOK NUMBER
Terms of availability 00.00
International Standard Book Number 156765384
035 ## - SYSTEM CONTROL NUMBER
System control number A-821997
037 ## - SOURCE OF ACQUISITION
Source of stock number/acquisition Cen Lib/Ret
040 ## - CATALOGING SOURCE
Original cataloging agency DPL
Language of cataloging EN
082 ## - DEWEY DECIMAL CLASSIFICATION NUMBER
Classification number 001.6424
Item number REI
100 ## - MAIN ENTRY--PERSONAL NAME
Personal name Reisher, Trudi
9 (RLIN) 3530
245 ## - TITLE STATEMENT
Title Windows 95 sneak preview /
Statement of responsibility, etc by Trudi Reisher
260 ## - PUBLICATION, DISTRIBUTION, ETC. (IMPRINT)
Place of publication, distribution, etc USA
Name of publisher, distributor, etc Alpha Books
Date of publication, distribution, etc 1994
270 ## - ADDRESS
Address 201 West 103rd Street, Indianapolis
City Indiana
Postal code 46290
300 ## - PHYSICAL DESCRIPTION
Extent 174p.
Dimensions 20cm(Hb)
500 ## - GENERAL NOTE
General note Includes index
650 ## - SUBJECT ADDED ENTRY--TOPICAL TERM
Topical term or geographic name as entry element Computer Technology
9 (RLIN) 3531
650 ## - SUBJECT ADDED ENTRY--TOPICAL TERM
Topical term or geographic name as entry element Computer Applications
9 (RLIN) 72021
942 ## - ADDED ENTRY ELEMENTS (KOHA)
Source of classification or shelving scheme Dewey Decimal Classification
Koha item type English Books
Classification part 001.6424
Call number suffix REI
Holdings
Withdrawn status Lost status Damaged status Not for loan Home library Current library Date acquired Source of acquisition Cost, normal purchase price Total Checkouts Full call number Barcode Date last seen Copy number Cost, replacement price Price effective from Koha item type Public note
Written off       Central Library Central Library 01/06/2015 Cen Lib/Ret 0.00   001.6424 REI A-821997 01/06/2015 1 0.00 01/06/2015 English Books W/d list no. 6803/13

© Delhi Public Library
Hit Counter
free hit counter